logo

Bir Sreshtho Munshi Abdur Rouf Library
Jhenaidah Cadet College

An English pronouncing dictionary / (Record no. 10116)

MARC details
000 -LEADER
fixed length control field 00723cam a2200241u 4500
001 - CONTROL NUMBER
JCCL Control Number 10116
003 - CONTROL NUMBER IDENTIFIER
JCCL marc code BD-JhCC
005 - DATE AND TIME OF LATEST TRANSACTION
control field 20190311094503.0
008 - FIXED-LENGTH DATA ELEMENTS--GENERAL INFORMATION
fixed length control field 180417s1937 enka 000 0 eng
035 ## - SYSTEM CONTROL NUMBER
system control number (BD-JhCC)10116
040 ## - CATALOGING SOURCE
Original cataloging agency DLC
Transcribing agency CarP
Modifying agency DLC
-- BD-JhCC
041 ## - LANGUAGE CODE
Language code of Book eng
050 00 - LIBRARY OF CONGRESS CALL NUMBER
Classification number PE1137
Item number .J55 1937a
082 ## - DEWEY DECIMAL CLASSIFICATION NUMBER
Author mark and Year JON 1937
Classification number 421.52
100 1# - MAIN ENTRY--PERSONAL NAME
Personal name Jones, Daniel,
Dates associated with a name 1881-1967.
245 13 - TITLE STATEMENT
Title An English pronouncing dictionary /
250 ## - EDITION STATEMENT
Edition statement 4th ed.
260 ## - PUBLICATION, DISTRIBUTION, ETC. (IMPRINT)
Place of publication, distribution, etc London :
Name of publisher, distributor, etc J. M. Dent & sons, limited;
Place of publication, distribution, etc New York :
Name of publisher, distributor, etc E. P. Dutton & co., inc.
Date of publication, distribution, etc 1937.
300 ## - PHYSICAL DESCRIPTION
Pagination 544 p. :
Other physical details 495, [1] p. front. (diagr.)
Dimensions 21 cm.
650 #0 - SUBJECT ADDED ENTRY--TOPICAL TERM
Topical term or geographic name as entry element English language
General subdivision Pronunciation
Form subdivision Dictionaries.
942 ## - ADDED ENTRY ELEMENTS (KOHA)
Source of classification or shelving scheme Dewey Decimal Classification
Koha item type Books
Holdings
Source of classification or shelving scheme Damaged status Not for loan Home library Current library Shelving location Date of accession Total Checkouts Full call number Barcode Date last seen Copy number Koha item type
Dewey Decimal Classification     JCC Rouf Library JCC Rouf Library General Stacks 04/17/2018   421.52 JON 1937 13006 04/18/2018 C-1 Books

JCC Library | Contacts | JCC Home

Last Update on 23 September 2017
Copyright @ 2017-2020 JCC Rouf Library
Rouf Library, Jhenidah Cadet College (JCC), Bangladesh